[Event "Norman Weasel op"]
[Site "Norman"]
[Date "2004.06.26"]
[Round "3"]
[White "Pfundt, Dillon"]
[Black "Penka, Courtney"]
[Result "1-0"]
[WhiteElo "852"]
[BlackElo "100"]
[PlyCount "45"]
[EventDate "2004.06.26"]
[EventType "swiss"]
[EventRounds "5"]
[EventCountry "USA"]
[EventCategory "1"]
[SourceTitle "EXT 2006"]
[Source "ChessBase"]
[SourceDate "2005.11.24"]
[SourceVersion "1"]
[SourceVersionDate "2005.11.24"]
[SourceQuality "1"]

1. e4 c6 2. Bc4 d5 3. exd5 cxd5 4. Bb5+ Bd7 5. Bxd7+ Qxd7 6. Nc3 Qd8 7. Qh5 Kd7 8. Qxd5+ Ke8 9. Qxb7 Nc6 10. Qxc6+ Qd7 11. Qxa8+ Qd8 12. Qxd8+ Kxd8 13. Nf3 Nf6 14. 0-0 Nd5 15. Nxd5 e6 16. Ne5 exd5 17. Nxf7+ Ke7 18. Nxh8 Kd6 19. d3 Be7 20. Bf4+ Kc5 21. Rfe1 Kd4 22. Rxe7 h5 23. Be3# 1-0